Southville International School and Colleges
Your cart is empty.
  • Cart
  • Lists
    Public lists Eva Luna New books Lux_list list_1
    Your lists Log in to create your own lists
  • Log in to your account
  • Your cookies
  • Search history
Southville International School and Colleges
  • Advanced search
  • Recent comments
  • Most popular
  • Libraries

Log in to your account

Log in with GOOGLE


If you do not have an external account, but do have a local account, you can still log in:

  1. Home
  2. MARC view: Lesson planning /
Normal view MARC view ISBD view

Lesson planning / (Record no. 22683)

[ view plain ]
MARC details
000 -LEADER
fixed length control field 00487nam a2200193 a 4500
005 - DATE AND TIME OF LATEST TRANSACTION
control field 20140310183428.0
008 - FIXED-LENGTH DATA ELEMENTS--GENERAL INFORMATION
fixed length control field 071219s19uu xx uuu eng d
020 ## - INTERNATIONAL STANDARD BOOK NUMBER
International Standard Book Number 9780826486646
050 ## - LIBRARY OF CONGRESS CALL NUMBER
Classification number LB 1027.4
Item number .B98 2006
100 ## - MAIN ENTRY--PERSONAL NAME
Personal name Butt, Graham
245 ## - TITLE STATEMENT
Title Lesson planning /
Statement of responsibility, etc Graham Butt.
250 ## - EDITION STATEMENT
Edition statement 2nd ed.
260 ## - PUBLICATION, DISTRIBUTION, ETC. (IMPRINT)
Place of publication, distribution, etc London :
Name of publisher, distributor, etc Continuum,
Date of publication, distribution, etc 2006.
300 ## - PHYSICAL DESCRIPTION
Extent 140 p. :
Dimensions 20 cm.
521 ## - TARGET AUDIENCE NOTE
Target audience note
650 ## - SUBJECT ADDED ENTRY--TOPICAL TERM
Topical term or geographic name as entry element Lesson planning.
942 ## - ADDED ENTRY ELEMENTS (KOHA)
Koha item type Books
Source of classification or shelving scheme Library of Congress Classification
Call number prefix Foreign
Holdings
Withdrawn status Lost status Source of classification or shelving scheme Damaged status Home library Current library Shelving location Date acquired Source of acquisition Cost, normal purchase price Total Checkouts Total Renewals Full call number Barcode Date last seen Date checked out Copy number Price effective from Koha item type
    Library of Congress Classification   College Library College Library General Circulation Section 07/30/2010 Donation 1350.00 2 1 LB 1027.4 .B98 2006 C8882 05/15/2018 02/04/2016 1 10/18/2013 Books

Lesson planning /

APA

Butt G., . (2006). Lesson planning. London: Continuum.

Chicago

Butt Graham, . 2006. Lesson planning. London: Continuum.

Harvard

Butt G., . (2006). Lesson planning. London: Continuum.

MLA

Butt Graham, . Lesson planning. London: Continuum. 2006.

  • Place hold
  • Print
  • Cite
  • Add to your cart (remove)
  • Save record
    BIBTEX Dublin Core MARCXML MARC (non-Unicode/MARC-8) MARC (Unicode/UTF-8) MARC (Unicode/UTF-8, Standard) MODS (XML) RIS
  • More searches
    Search for this title in:
    Other Libraries (WorldCat) Other Databases (Google Scholar) Online Stores (Bookfinder.com) Open Library (openlibrary.org)

Exporting to Dublin Core...

SOUTHVILLE LIBRARY

Southville International School and Colleges Library

1281 Tropical Ave. Cor. Luxembourg St., BF Homes International, Las Pinas City

Tel. No. 8256374 / 252358 Loc. 117/146

Powered by Koha